| 000 | 00480pab a2200157 454500 | ||
|---|---|---|---|
| 008 | 180718b2002 xxu||||| |||| 00| 0 eng d | ||
| 100 | _aBen-Arieh, Asher | ||
| 245 | _aWho is for kids and who is just kidding? Members of the Israeli Knesset's activities on children's issues between 1990-2001 | ||
| 260 | _c2002 | ||
| 300 | _ap.335-46. | ||
| 362 | _aOct | ||
| 650 | _aChild welfare - Israel | ||
| 650 | _aChild welfare | ||
| 773 | _aSocial Policy and Society | ||
| 909 | _a55133 | ||
| 999 |
_c55133 _d55133 |
||